Defensio nationis hungaricae, recours en appel auprès du tribunal de l'opinion scientifique impartiale de l'humanité / (Record no. 84422)

MARC details
000 -LEADER
campo de control de longitud fija 00513nam a2200157 i 4500
001 - NÚMERO DE CONTROL
campo de control 84422
003 - IDENTIFICADOR DE NÚMERO DE CONTROL
campo de control ES-MaACL
005 - FECHA Y HORA DE LA ÚLTIMA TRANSACCIÓN
campo de control 20230906175019.0
007 - CAMPO FIJO DE DESCRIPCIÓN FÍSICA--INFORMACIÓN GENERAL
campo de control de longitud fija t|
008 - DATOS DE LONGITUD FIJA--INFORMACIÓN GENERAL
campo de control de longitud fija 041122s1920 hu ||||1| fre d
100 1# - ENTRADA PRINCIPAL--NOMBRE DE PERSONA
Nombre de persona Jancsó, Benedek.
9 (RLIN) 65994
245 10 - MENCIÓN DEL TÍTULO
Título Defensio nationis hungaricae, recours en appel auprès du tribunal de l'opinion scientifique impartiale de l'humanité /
Mención de responsabilidad, etc. Benedek Jancsó.
260 ## - PUBLICACIÓN, DISTRIBUCIÓN, ETC.
Lugar de publicación, distribución, etc. Budapest :
Nombre del editor, distribuidor, etc. V. Hornyánszky,
Fecha de publicación, distribución, etc. 1920.
300 ## - DESCRIPCIÓN FÍSICA
Extensión IV, 287 p. ;
Dimensiones 24 cm.
852 ## - LOCALIZACIÓN
Ubicación ES-MaACL
Número de control de estantería C-1865
Holdings
Estatus retirado Estado de pérdida Estado de daño No para préstamo Biblioteca de origen Biblioteca actual Ubicación en estantería Fecha de adquisición Fuente de adquisición Total de préstamos Signatura topográfica completa Código de barras Visto por última vez Precio de reemplazo Tipo de ítem Koha
        Biblioteca del Ateneo de Madrid Biblioteca del Ateneo de Madrid Sala Palomar 17/01/2008     C-1865 1088225 23/02/2023 23/02/2023 Libro impreso